| 000 | 01065ngm a22002417i 4500 | ||
|---|---|---|---|
| 001 | IT\ICCU\DDS\0226883 | ||
| 003 | ItRI | ||
| 005 | 20260331162257.0 | ||
| 008 | 151215s2001 it |||||||||||||||k|||||c | ||
| 028 | 4 | 2 |
_aF4SITS22663DS _b20th Century Fox |
| 040 |
_bita _cArcigay Genova |
||
| 041 | 7 |
_aita _2ISO-639-2 |
|
| 082 |
_a791.43 _214 |
||
| 100 | 1 |
_aCuarón, Alfonso _0IT\ICCU\REAV\097025 _4drt |
|
| 245 | 1 | 0 |
_aY tu mama tambien : _bAnche tua madre / _cregia di Alfonso Cuaron ; cast: Gael Garcia Bernal, Diego Luna, Maribel Verdù ... [et al.]. |
| 260 |
_aMilano : _bTwentieth Century Fox Film Corp., _c2001 |
||
| 300 |
_a1 DVD (101 min. ca.) : _bColore, Suono sul supporto |
||
| 500 | _aIl film è stato premiato per la miglior sceneggiatura al 58° Festival di Venezia. Ha vinto anche il premio Marcello Mastroianni, andato ai due protagonisti maschili. Lingue: italiano e spagnolo. Sottotitoli.. -durata: 101 min. ca. | ||
| 710 | 2 |
_a20th Century Fox Film _0IT\ICCU\DDSV\000361 _4pbl |
|
| 942 |
_2ddc _cVM _n0 |
||
| 981 | 1 |
_6z01 _ab _bxa2e |
|
| 982 | 1 |
_6z01 _ag |
|
| 999 |
_c28929 _d28929 |
||